| 000 | 01014nam a2200265 a 4500 | ||
|---|---|---|---|
| 001 | 000012307 | ||
| 003 | DO-SdBNP | ||
| 005 | 20241202111428.0 | ||
| 008 | 091111s1991 dr a 001 0 spa d | ||
| 040 |
_aDO-SdBNP _bspa _cBNPHU _erda |
||
| 082 | 4 |
_a974.71 _bE74n, 1991 _222 |
|
| 100 | 1 |
_aEscoto Gómez, César. _928970 |
|
| 245 | 1 | 0 |
_aNueva York jungla de acero / _cCésar Escoto Gómez. |
| 250 | _a[2a ed.] | ||
| 260 |
_aSanto Domingo : _bTalleres Gráficos del Instituto Agrario Dominicano, _c1991. |
||
| 300 |
_a190 p. : _bretrs. ; _c22 cm. |
||
| 650 | 4 |
_aCiudades y pueblos _zEstados Unidos _928976 |
|
| 651 | 4 |
_aNueva York (Estados Unidos) _xHistoria local _928971 |
|
| 651 | 4 |
_aNueva York (N.Y.) _xDescripciones _928972 |
|
| 651 | 4 |
_aNueva York (Estados Unidos) _xVida social y costumbres _928973 |
|
| 651 | 4 |
_aInmigrantes _zNueva York (N.Y.) _928974 |
|
| 651 | 4 |
_aRepública Dominicana _xEmigración e inmigración _zEstados Unidos _928975 |
|
| 910 | _aValidado. Control de calidad BNPHU | ||
| 942 |
_2ddc _cLBS1 |
||
| 999 |
_c11964 _d11964 |
||